Países más cercanos a Tanzania - Estadísticas

Estadísticas generales
  • Esta prueba ha sido intentada 49 veces
  • La puntuación promedio es 18 de 20
Estadísticas de respuestas
km país % Correcto
0 Kenia
100%
0 Rep Dem Congo
100%
0 Uganda
98%
649 Etiopía
95%
0 Burundi
93%
0 Mozambique
93%
755 República Centroafricana
93%
0 Ruanda
93%
425 Somalia
93%
1201 Sudán
93%
497 Sudán del Sur
93%
1207 Botsuana
91%
0 Zambia
91%
611 Zimbabue
91%
770 Madagascar
89%
0 Malaui
84%
1201 Namibia
84%
810 Angola
82%
327 Comoras
80%
640 Seychelles
75%
No se encontraron pruebas coincidentes
Distribución de puntuación
Porcentaje de gente con cada puntuación
Porcentaje por número respondido
Historial de tus puntuaciones
No has intentado esta prueba.